| 000 | 00466 a2200169 4500 | ||
|---|---|---|---|
| 001 | 001591 | ||
| 003 | OSt | ||
| 005 | 20211108144728.0 | ||
| 008 | |||
| 082 |
_a543.08 _bY11I |
||
| 100 | 1 | _aYadav, M.S. | |
| 245 | 1 |
_aInstrumental methods of chemical analysis _cby M.S. Yadav |
|
| 260 |
_aNew Delhi _bCampus Books _c2008 |
||
| 300 | _a548p. | ||
| 690 | _aSpectrum analysis; Chemistry, Analytic; Instrumental analysis | ||
| 942 |
_2ddc _cBK |
||
| 999 |
_c42 _d42 |
||